| 000 | 00512nam a22001937a 4500 | ||
|---|---|---|---|
| 003 | MPLRDC | ||
| 005 | 20220104154658.0 | ||
| 008 | 210129b ||||| |||| 00| 0 eng d | ||
| 020 | _a957-607-469-X | ||
| 082 | _a882.257 SCHN | ||
| 100 | _aARTHUR SCHNITZLER | ||
| 245 |
_a情圣卡萨诺瓦 _c周俐伽译 |
||
| 250 | _a初版 | ||
| 260 |
_a台湾 _b先觉出版股份有限公司 _c2000 |
||
| 300 | _b163 | ||
| 490 | _a缪思系列. 8 | ||
| 650 | _a中欧各国文学--小说 | ||
| 942 |
_cBK _o882.257 SCHN |
||
| 999 |
_c54104 _d54094 |
||